Margret & H.A. Rey's Curious George at the baseball game / written by Laura Driscoll ; illustrated in the style of H. A. Rey by Anna Grossnickle-Hines.
Curious George and the man in the yellow hat attend a baseball game to cheer on the Mudville Miners.
Record details
- ISBN: 0618663754
- ISBN: 0618663746
- ISBN: 9780618663743
- ISBN: 9780618663750 (pbk.)
- Physical Description: 24 pages : color illustrations ; 21 cm.
- Publisher: Boston : Houghton Mifflin, 2006.
Search for related items by subject
| Subject: | Baseball stories. Monkeys > Fiction. |
Available copies
- 1 of 1 copy available at scottsboropl.
Holds
- 0 current holds with 1 total copy.
Show Only Available Copies
| Location | Call Number / Copy Notes | Barcode | Shelving Location | Status | Due Date |
|---|---|---|---|---|---|
| scottsboropl | E Rey | 32269000773971 | Juvenile - Easy | Available | - |
| LDR | 01350cam a2200349 a 4500 | ||
|---|---|---|---|
| 001 | 129179 | ||
| 003 | CONS | ||
| 005 | 20140703073305.0 | ||
| 008 | 050506s2006 maua b 000 1 eng | ||
| 010 | . | ‡a 2005013426 | |
| 020 | . | ‡a0618663754 | |
| 020 | . | ‡a0618663746 | |
| 020 | . | ‡a9780618663743 | |
| 020 | . | ‡a9780618663750 (pbk.) | |
| 035 | . | ‡a(CPomAG)LMN498643 | |
| 042 | . | ‡alcac | |
| 050 | 0 | 0. | ‡aPZ7.D79 ‡bMar 2006 |
| 082 | 0 | 0. | ‡a[E] ‡222 |
| 100 | 1 | . | ‡aDriscoll, Laura. |
| 245 | 1 | 0. | ‡aMargret & H.A. Rey's Curious George at the baseball game / ‡cwritten by Laura Driscoll ; illustrated in the style of H. A. Rey by Anna Grossnickle-Hines. |
| 246 | 3 | 0. | ‡aCurious George at the baseball game |
| 260 | . | ‡aBoston : ‡bHoughton Mifflin, ‡c2006. | |
| 300 | . | ‡a24 pages : ‡bcolor illustrations ; ‡c21 cm. | |
| 520 | . | ‡aCurious George and the man in the yellow hat attend a baseball game to cheer on the Mudville Miners. | |
| 650 | 0. | ‡aBaseball stories. | |
| 650 | 1. | ‡aMonkeys ‡vFiction. | |
| 700 | 1 | . | ‡aRey, Margret. |
| 700 | 1 | . | ‡aRey, H. A. ‡q(Hans Augusto), ‡d1898-1977. |
| 700 | 1 | . | ‡aHines, Anna Grossnickle. |
| 856 | 4 | 2. | ‡3Publisher description ‡uhttp://www.loc.gov/catdir/enhancements/fy0622/2005013426-d.html ‡zPublisher description |
| 959 | . | ‡i32269000773971 ‡lE Rey ‡aJuvenile - Easy ‡tEasy ‡g14.00 | |
| 852 | . | ‡p32269000773971 ‡jE Rey ‡gJuvenile - Easy ‡cEasy ‡y14.00 ‡bSBPL | |
| 901 | . | ‡a129179 ‡bUnknown ‡c129179 ‡tbiblio | |